| 000 | 00779nam a22002777a 4500 | ||
|---|---|---|---|
| 001 | BR7902262 | ||
| 003 | BR-BrBNA | ||
| 005 | 20230928090006.0 | ||
| 007 | ta | ||
| 008 | 230509b bl.||||| |||| 00| 0 por d | ||
| 040 |
_aBR-BrBNA _bpor _cBiblioteca Nacional de Agricultura |
||
| 041 | _a(Por) | ||
| 072 | _aF05 | ||
| 090 | _ F05 BR7902262 | ||
| 100 | 1 | _aFerri, M.G. | |
| 100 | 1 | _aMenezes, N.L. de | |
| 100 | 1 | _aMonteiro-Scanavacca, W.R. | |
| 110 | 1 |
_aUniversidade de Sao Paulo, Sao Paulo (Brasil) _910514 |
|
| 245 | 1 | _aGlossario ilustrado de botanica | |
| 260 | 3 |
_aSao Paulo, SP (Brasil): _bEd. Brasileira de Tecnologia e Ciencia, _c1978. |
|
| 300 | _a197 p. | ||
| 500 | _a211 illus. | ||
| 650 | _aBotanica | ||
| 909 |
_a202309 _bLucia _c55 _dLucia Elande |
||
| 942 | _cBK | ||
| 999 |
_c27339 _d27339 |
||